Qui je suis : Spécial Footballeur - Statistiques

Statistiques générales
  • Ce quiz a été pris 8 430 fois
  • Le résultat moyen est 8 sur 15
Statistiques - réponses
Indice Réponse % Correct
Francais, 4 LDC , OL Benzema
93%
Boateng, n10, Maradona Messi
89%
2000, Portugal, Trahison Figo
73%
Evra, Morsure, Ghana Suárez
70%
Genoux, Milan, 2002 Ronaldo
61%
Montpellier, Angleterre, Champion du monde Giroud
58%
Koweit, 1984, Michel Platini
58%
Argentin, Cicatrice, Manchester Tevez
57%
Psg, Legende, Gardien Buffon
56%
Frere, Ghana, Arles Ayew
52%
Dortmund, 2020, n9 Lewandowski
47%
Toulouse, United, Buteur Ben yedder
21%
Guigamp, 2015, OL Beauvue
18%
Real, Russie, Afrique Etoo
16%
Nice, Allemagne, Inter Balotelli
11%
Aucun quiz correspondant
Distribution des résultats
% des personnes avec chaque résultat
Percentile par nombre de réponses
Votre historique - résultats
Vous n’avez pas pris ce quiz